Nicki Minaj Charting Songs (Billboard Hot Rap / R&B) - Statistics

General Stats
  • This quiz has been taken 37 times
    21 since last reset
  • The average score is 40 of 124
Answer Stats
Album Weeks On Peak Artist(s) Song % Correct
The Pinkprint 26 Weeks #1 Nicki Minaj Anaconda
89%
Hot Pink 27 Weeks #1 Doja Cat ft. Nicki Minaj Say So
89%
Queen 10 Weeks #19 Nicki Minaj ft. Ariana Grande Bed
78%
Queen 19 Weeks #7 Nicki Minaj Chun-Li
78%
Take Care 32 Weeks #1 Drake ft. Nicki Minaj Make Me Proud
78%
Pink Friday 32 Weeks #1 Nicki Minaj ft. Drake Moment 4 Life
78%
The Pinkprint 26 Weeks #1 Nicki Minaj ft. Drake, Lil Wayne & Chris Brown Only
78%
DUMMY BOY and Queen 22 Weeks #3 6ix9ine ft. Nicki Minaj & Murda Beatz FEFE
67%
Pink Friday 20 Weeks #20 Nicki Minaj ft. Rihanna Fly
67%
The Pinkprint 5 Weeks #26 Nicki Minaj ft. Ariana Grande Get On Your Knees
67%
Girl on Fire 36 Weeks #2 Alicia Keys ft. Nicki Minaj Girl on Fire
67%
Queen 6 Weeks #29 Nicki Minaj ft. Lil Wayne Good Form
67%
My Beautiful Dark Twisted Fantasy 20 Weeks #30 Kanye West ft. Jay-Z, Rick Ross, Bon Iver & Nicki Minaj Monster
67%
Still Striving 26 Weeks #13 A$AP Ferg ft. Nicki Minaj Plain Jane
67%
Gotti Made-It 26 Weeks #5 Yo Gotti ft. Nicki Minaj Rake It Up
67%
Pink Friday 6 Weeks #85 Nicki Minaj ft. Eminem Roman's Revenge
67%
Pink Friday: Roman Reloaded 7 Weeks #85 Nicki Minaj Starships
67%
Pink Friday 22 Weeks #6 Nicki Minaj Super Bass
67%
TattleTales 4 Weeks #1 6ix9ine & Nicki Minaj TROLLZ
67%
The Pinkprint (Deluxe Edition) 25 Weeks #4 Nicki Minaj ft. Drake & Lil Wayne Truffle Butter
67%
Queen 7 Weeks #13 Nicki Minaj Barbie Dreams
56%
Queen 4 Weeks #17 Nicki Minaj Barbie Tingz
56%
Trendsetter 6 Weeks #10 Coi Leray & Nicki Minaj Blick Blick!
56%
Passion, Pain & Pleasure 32 Weeks #2 Trey Songz ft. Nicki Minaj Bottoms Up
56%
Non-Album Single 20 Weeks #1 Nicki Minaj ft. Lil Baby Do We Have a Problem?
56%
The Pinkprint 26 Weeks #11 Nicki Minaj ft. Beyonce Feeling Myself
56%
BEYONCE 23 Weeks #12 Beyonce ft. Nicki Minaj or Chimamanda Ngozi Adichie ***Flawless
56%
Culture II 22 Weeks #3 Migos, Nicki Minaj & Cardi B MotorSport
56%
Pink Friday 20 Weeks #4 Nicki Minaj Right Thru Me
56%
Beam Me Up Scotty 6 Weeks #8 Nicki Minaj, Drake & Lil Wayne Seeing Green
56%
Nothing but the Beat 5 Weeks #92 David Guetta ft. Nicki Minaj Turn Me On
56%
The Pinkprint 12 Weeks #19 Nicki Minaj ft. Skylar Grey Bed of Lies
44%
Pink Friday: Roman Reloaded 25 Weeks #7 Nicki Minaj ft. 2 Chainz Beez in the Trap
44%
Non-Album Single 3 Weeks #5 Nicki Minaj & Lil Baby Bussin'
44%
Finally Famous 42 Weeks #3 Big Sean ft. Nicki Minaj Dance (A$$)
44%
Pink Friday 28 Weeks #3 Nicki Minaj Did It On'em
44%
Legendary 9 Weeks #31 Tyga ft. Nicki Minaj Dip
44%
Non-Album Single 17 Weeks #7 Megan Thee Stallion, Nicki Minaj & Ty Dolla $ign Hot Girl Summer
44%
Non-Album Single 8 Weeks #11 Nicki Minaj MEGATRON
44%
Non-Album Single 11 Weeks #8 Nicki Minaj, Drake & Lil Wayne No Frauds
44%
The Pinkprint 20 Weeks #7 Nicki Minaj Pills N Potions
44%
Queen 2 Weeks #24 Nicki Minaj ft. Lil Wayne Rich Sex
44%
Pink Friday: Roman Reloaded 20 Weeks #21 Nicki Minaj ft. Chris Brown Right By My Side
44%
Pink Friday: Roman Reloaded - The Re-Up 3 Weeks #41 Nicki Minaj & Cassie The Boys
44%
For Certain 20 Weeks #6 BIA ft. Nicki Minaj Whole Lotta Money
44%
Non-Album Single 3 Weeks #13 Nicki Minaj Yikes
44%
Pink Friday 32 Weeks #4 Nicki Minaj Your Love
44%
Dreams Worth More Than Money 23 Weeks #8 Meek Mill ft. Chris Brown & Nicki Minaj All Eyes On You
33%
beerbongs and bentleys 14 Weeks #11 Post Malone ft. Nicki Minaj Ball For Me
33%
Stay Dangerous 26 Weeks #12 YG ft. 2 Chainz, Big Sean & Nicki Minaj Big Bank
33%
Pink Friday 1 Week #100 will.i.am & Nicki Minaj Check It Out
33%
The Pinkprint 1 Week #44 Nicki Minaj ft. Jeremih Favorite
33%
Excuse My French 16 Weeks #25 French Montana ft. Nicki Minaj Freaks
33%
Pink Friday: Roman Reloaded - The Re-Up 19 Weeks #20 Nicki Minaj ft. Lil Wayne High School
33%
Pink Friday: Roman Reloaded 6 Weeks #71 Nicki Minaj ft. Cam'ron & Rick Ross I Am Your Leader
33%
Queen 1 Week #25 Nicki Minaj ft. Eminem & Labrinth Majesty
33%
Mr. Davis 1 Week #33 Gucci Mane & Nicki Minaj Make Love
33%
DUMMY BOY 4 Weeks #18 6ix9ine ft. Nicki Minaj & Kanye West MAMA
33%
Battle of the Sexes 27 Weeks #2 Ludacris ft. Nicki Minaj My Chick Bad
33%
Loud 15 Weeks #48 Rihanna ft. Nicki Minaj Raining Men
33%
Pink Friday: Roman Reloaded 9 Weeks #53 Nicki Minaj Stupid Hoe
33%
Non-Album Single 26 Weeks #1 Nicki Minaj Super Freaky Girl
33%
Rich Gang 20 Weeks #10 Rich Gang ft. Lil Wayne, Birdman, Future, Mack Maine & Nicki Minaj Tapout
33%
Luv is Rage 2 23 Weeks #11 Lil Uzi Vert ft. Nicki Minaj & Oh Wonder The Way Life Goes
33%
SremmLife 26 Weeks #12 Rae Sremmurd ft. Nicki Minaj & Young Thug Throw Sum Mo
33%
Non-Album Single 4 Weeks #15 Nicki Minaj ft. Fivio Foreign We Go Up
33%
The Pinkprint 2 Weeks #38 Nicki Minaj All Things Go
22%
Non-Album Single 2 Weeks #30 Nicki Minaj x Mike WiLL Made-It Black Barbies
22%
The Pinkprint 1 Week #48 Nicki Minaj ft. Meek Mill Buy a Heart
22%
The Art of Hustle 23 Weeks #3 Yo Gotti ft. Nicki Minaj Down in the DM
22%
Major Key 24 Weeks #9 DJ Khaled ft. Nicki Minaj, Chris Brown, August Alsina, Jeremih, Future & Rick Ross Do You Mind
22%
Beam Me Up Scotty 1 Week #29 Nicki Minaj Fractions
22%
The Pinkprint 2 Weeks #37 Nicki Minaj I Lied
22%
Pink Friday: Roman Reloaded - The Re-Up 1 Week #40 Nicki Minaj ft. Ciara I'm Legit
22%
Ciara 12 Weeks #13 Ciara ft. Nicki Minaj I'm Out
22%
KIRK 1 Week #22 DaBaby & Nicki Minaj IPHONE
22%
Beam Me Up Scotty 1 Week #41 Nicki Minaj Itty Bitty Piggy
22%
Suffering from Success 8 Weeks #30 DJ Khaled ft. Nicki Minaj, Rick Ross & Future I Wanna Be With You
22%
X 26 Weeks #7 Chris Brown ft. Nicki Minaj Love More
22%
Floor Seats II 2 Weeks #8 A$AP Ferg ft. Nicki Minaj & MadeinTYO Move Ya Hips
22%
Pink Friday: Roman Reloaded 8 Weeks #57 Nicki Minaj ft. Lil Wayne Roman Reloaded
22%
Major Lazer Essentials 5 Weeks #26 Major Lazer ft. PARTYNEXTDOOR & Nicki Minaj Run Up
22%
Rise of an Empire 1 Week #50 Young Money ft. Tyga, Nicki Minaj & Lil Wayne Senile
22%
Non-Album Single 4 Weeks #12 Sada Baby ft. Nicki Minaj Whole Lotta Choppas
22%
Hndrxx 3 Weeks #19 Future ft. Nicki Minaj You da Baddest
22%
Non-Album Single 24 Weeks #5 Rick Ross ft. Nicki Minaj You the Boss
22%
Hear No Evil 1 Week #43 Young Thug ft. Nicki Minaj Anybody
11%
Non-Album Single 1 Week #29 Nicki Minaj & Lil Wayne Changed It
11%
Tha Carter V 1 Week #19 Lil Wayne ft. Nicki Minaj Dark Side of the Moon
11%
Dream House 1 Week #27 Ty Dolla $ign ft. Nicki Minaj Expensive
11%
DC4 2 Weeks #28 Meek Mill ft. Lil Uzi Vert & Nicki Minaj Froze
11%
Ma' I Got a Family 1 Week #42 YoungBoy Never Broke Again ft. Nicki Minaj I Admit
11%
Beam Me Up Crazy 21 Weeks #37 Nicki Minaj ft. Lil Wayne I Get Crazy
11%
Based on a T.R.U. Story 15 Weeks #41 2 Chainz ft. Nicki Minaj I Luv Dem Strippers
11%
Raymond v. Raymond 30 Weeks #8 Usher ft. Nicki Minaj Lil Freak
11%
Rise of an Empire 9 Weeks #28 Young Money ft. Nicki Minaj Lookin Ass
11%
Tantra 1 Week #25 BLEU & Nicki Minaj Love in the Way
11%
Non-Album Single 1 Week #26 Nicki Minaj Regret In Your Tears
11%
Kiss the Ring 28 Weeks #6 DJ Khaled ft. Chris Brown, Rick Ross, Nicki Minaj & Lil Wayne Take It to the Head
11%
The Pinkprint 2 Weeks #39 Nicki Minaj The Crying Game
11%
Trigga 26 Weeks #12 Trey Songz ft. Nicki Minaj Touchin, Lovin
11%
Thank Me Later 20 Weeks #59 Drake ft. Nicki Minaj Up All Night
11%
Non-Album Single 1 Week #11 Mike WiLL Made-It, Nicki Minaj & YoungBoy Never Broke Again What That Speed Bout!?
11%
Indigo 5 Weeks #46 Chris Brown ft. Nicki Minaj & G-Eazy Wobble Up
11%
Non-Album Single 2 Weeks #41 Robin Thicke ft. Nicki Minaj Back Together
0%
Dreams Worth More Than Money 5 Weeks #23 Meek Mill ft. Nicki Minaj Bad for You
0%
The Gifted 11 Weeks #37 Wale ft. Nicki Minaj & Juicy J Clappers
0%
Hall of Fame 1 Week #45 Polo G & Nicki Minaj For the Love of New York
0%
Pink Friday: Roman Reloaded - The Re-Up 3 Weeks #31 Nicki Minaj Freedom
0%
Queen 1 Week #27 Nicki Minaj Ganja Burns
0%
The Inkwell 7 Weeks #83 Sean Garrett ft. Nicki Minaj Get It All
0%
M.O. 3 Weeks #36 Nelly ft. Nicki Minaj & Pharrell Get Like Me
0%
Triple F Life: Fans, Friends & Family 8 Weeks #67 Waka Flocka flame ft. Nicki Minaj, Tyga & Flo Rida Get Low
0%
Calling All Hearts 12 Weeks #54 Keyshia Cole ft. Nicki Minaj I Ain't Thru
0%
Non-Album Single 11 Weeks #51 Sean Kingston ft. Nicki Minaj Letting Go (Dutty Love)
0%
Non-Album Single 5 Weeks #44 Juicy J ft. Nicki Minaj, Lil Bibby & Young Thug Low
0%
Non-Album Single 5 Weeks #65 Nicki Minaj ft. Sean Garrett Massive Attack
0%
Pretty Girls Like Trap Music 1 Week #50 2 Chainz ft. Nicki Minaj Realize
0%
Hard II Love 11 Weeks #27 Usher ft. Nicki Minaj She Came to Give It to You
0%
Non-Album Single 9 Weeks #36 Mario ft. Nicki Minaj Somebody Else
0%
Queen 1 Week #49 Nicki Minaj ft. The Weeknd Thought I Knew You
0%
Non-Album Single 11 Weeks #39 Mariah Carey ft. Nicki Minaj Up Out My Face
0%
Meet the Woo 1 Week #48 Pop Smoke ft. Nicki Minaj Welcome to the Party
0%
Non-Album Single 19 Weeks #46 Birdman ft. Nicki Minaj & Lil Wayne Y.U. Mad
0%
No matching quizzes found
Score Distribution
Percent of People with Each Score
Percentile by Number Answered
Your Score History
You have not taken this quiz since the last reset